Traité de pathologie médicale et de thérapeutique appliquée / publ. sous la dir. d'Émile Sergent, L. Ribadeau-Dumas, L. Babonneix. (Record no. 143580)

MARC details
000 -LEADER
campo de control de longitud fija 00968nam a2200241 i 4500
001 - NÚMERO DE CONTROL
campo de control 143580
003 - IDENTIFICADOR DE NÚMERO DE CONTROL
campo de control ES-MaACL
005 - FECHA Y HORA DE LA ÚLTIMA TRANSACCIÓN
campo de control 20251002204752.0
007 - CAMPO FIJO DE DESCRIPCIÓN FÍSICA--INFORMACIÓN GENERAL
campo de control de longitud fija t|
008 - DATOS DE LONGITUD FIJA--INFORMACIÓN GENERAL
campo de control de longitud fija 070214s1920 fr r ||||1| fre d
100 1# - ENTRADA PRINCIPAL--NOMBRE DE PERSONA
Nombre de persona Le Gendre, Paul (
Fechas asociadas al nombre 1854-1936)
9 (RLIN) 165384
245 10 - MENCIÓN DEL TÍTULO
Título Traité de pathologie médicale et de thérapeutique appliquée / publ. sous la dir. d'Émile Sergent, L. Ribadeau-Dumas, L. Babonneix.
Número de parte o sección de la obra I,
Nombre de parte o sección de la obra Déontologie /
Mención de responsabilidad, etc. par P. Le Gendre et Jurisprudence médicale par H. Ribadeau-Dumas.
260 ## - PUBLICACIÓN, DISTRIBUCIÓN, ETC.
Lugar de publicación, distribución, etc. Paris :
Nombre del editor, distribuidor, etc. A. Maloine et Fils,
Fecha de publicación, distribución, etc. 1920.
300 ## - DESCRIPCIÓN FÍSICA
Extensión VI, 705 p. ;
Dimensiones 21 cm.
650 04 - PUNTO DE ACCESO ADICIONAL DE MATERIA--TÉRMINO DE MATERIA
Término de materia o nombre geográfico como elemento de entrada Médicos-
Subdivisión general Moral profesional.
9 (RLIN) 14942
650 07 - PUNTO DE ACCESO ADICIONAL DE MATERIA--TÉRMINO DE MATERIA
Término de materia o nombre geográfico como elemento de entrada Medicina legal
Fuente del encabezamiento o término embne
9 (RLIN) 14928
700 1# - ENTRADA AGREGADA--NOMBRE PERSONAL
Nombre de persona Ribadeau-Dumas, H.
9 (RLIN) 165385
700 1# - ENTRADA AGREGADA--NOMBRE PERSONAL
Nombre de persona Sergent, Émile,
Fechas asociadas al nombre 1867-1943
9 (RLIN) 151848
700 1# - ENTRADA AGREGADA--NOMBRE PERSONAL
Nombre de persona Ribadeau-Dumas, Louis (
Fechas asociadas al nombre 1876-1951)
9 (RLIN) 151844
700 1# - ENTRADA AGREGADA--NOMBRE PERSONAL
Nombre de persona Babonneix, Léon,
Fechas asociadas al nombre 1876-1942
9 (RLIN) 151847
852 ## - LOCALIZACIÓN
Ubicación ES-MaACL
Número de control de estantería C-16731
Holdings
Estatus retirado Estado de pérdida Estado de daño No para préstamo Biblioteca de origen Biblioteca actual Ubicación en estantería Fecha de adquisición Fuente de adquisición Total de préstamos Signatura topográfica completa Código de barras Visto por última vez Precio de reemplazo Tipo de ítem Koha
        Biblioteca del Ateneo de Madrid Biblioteca del Ateneo de Madrid Galería 17/01/2008     C-16731 1149385 23/02/2023 23/02/2023 Libro impreso